000 00590nam a2200205 i 4500
001 bgj
100 1 _aHesse, Hermann
_d(1877-1962).
245 1 0 _aBeneath the wheel /
_cHerman Hesse ; translated [from the German] by Michael Roloff.
260 _aNew York :
_bBantam Books,
_c1970.
300 _a216, [2] pp ;
_c18 cm.
650 9 _aFiction in German, 1900-1945
655 _aTexts
700 1 _aROLOFF, Michael.
_etransl.
020 _a055305859125
040 _cBPK
041 1 _aeng
_hger
920 _a0-553-05859-125
942 _cKS
008 s uk f |000 0 eng
999 _c48617
_d48617
856 _uhttp://koha.tu.koszalin.pl/cgi-bin/koha/opac-detail.pl?biblionumber=48617
_yKatalog online BPK